<?xml version="1.0" encoding="UTF-8"?>
<record
    xmlns:xsi="http://www.w3.org/2001/XMLSchema-instance"
    xsi:schemaLocation="http://www.loc.gov/MARC21/slim http://www.loc.gov/standards/marcxml/schema/MARC21slim.xsd"
    xmlns="http://www.loc.gov/MARC21/slim">

  <leader>00566nam a22001577a 4500</leader>
  <controlfield tag="003">OSt</controlfield>
  <controlfield tag="005">20151207160205.0</controlfield>
  <controlfield tag="008">151207b        xxu||||| |||| 00| 0 eng d</controlfield>
  <datafield tag="040" ind1=" " ind2=" ">
    <subfield code="c">RUA </subfield>
  </datafield>
  <datafield tag="082" ind1=" " ind2=" ">
    <subfield code="a">FIS POM 2005 B177 Or.1</subfield>
  </datafield>
  <datafield tag="100" ind1=" " ind2=" ">
    <subfield code="9">4482</subfield>
    <subfield code="a">POM SOK HORT; &#x1794;&#x17C9;&#x17BB;&#x1798;&#x200B; &#x179F;&#x17BB;&#x1781;&#x17A0;&#x17CA;&#x178F;.</subfield>
  </datafield>
  <datafield tag="245" ind1=" " ind2=" ">
    <subfield code="a">Business of ornamental fish in phnom penh; &#x1780;&#x17B6;&#x179A;&#x1792;&#x17D2;&#x179C;&#x17BE;&#x17A2;&#x17B6;&#x1787;&#x17B8;&#x179C;&#x1780;&#x1798;&#x17D2;&#x1798;&#x178F;&#x17D2;&#x179A;&#x17B8;&#x179B;&#x17C6;&#x17A2; &#x1793;&#x17C5;&#x179A;&#x17B6;&#x1787;&#x1792;&#x17B6;&#x1793;&#x17B8;&#x1797;&#x17D2;&#x1793;&#x17C6;&#x1796;&#x17C1;&#x1789;.</subfield>
  </datafield>
  <datafield tag="260" ind1=" " ind2=" ">
    <subfield code="a">Phnom Penh </subfield>
    <subfield code="b">RUA </subfield>
    <subfield code="c">2005</subfield>
  </datafield>
  <datafield tag="300" ind1=" " ind2=" ">
    <subfield code="a">vii; 37p.</subfield>
    <subfield code="b">ill.</subfield>
    <subfield code="c">29cm.</subfield>
  </datafield>
  <datafield tag="942" ind1=" " ind2=" ">
    <subfield code="2">ddc</subfield>
    <subfield code="c">FIS</subfield>
  </datafield>
  <datafield tag="999" ind1=" " ind2=" ">
    <subfield code="c">4180</subfield>
    <subfield code="d">4180</subfield>
  </datafield>
  <datafield tag="952" ind1=" " ind2=" ">
    <subfield code="0">0</subfield>
    <subfield code="1">0</subfield>
    <subfield code="2">ddc</subfield>
    <subfield code="4">0</subfield>
    <subfield code="6">FIS_POM_2005_000000000000000_B177_OR_1</subfield>
    <subfield code="7">0</subfield>
    <subfield code="9">21055</subfield>
    <subfield code="a">LBB</subfield>
    <subfield code="b">LBB</subfield>
    <subfield code="c">B177</subfield>
    <subfield code="d">2015-12-07</subfield>
    <subfield code="l">2</subfield>
    <subfield code="m">1</subfield>
    <subfield code="o">FIS POM 2005 B177 Or.1</subfield>
    <subfield code="p">RUA011886</subfield>
    <subfield code="r">2018-06-08</subfield>
    <subfield code="s">2018-05-25</subfield>
    <subfield code="w">2015-12-07</subfield>
    <subfield code="y">FIS</subfield>
  </datafield>
  <datafield tag="952" ind1=" " ind2=" ">
    <subfield code="0">0</subfield>
    <subfield code="1">0</subfield>
    <subfield code="2">ddc</subfield>
    <subfield code="4">0</subfield>
    <subfield code="6">FIS_POM_2005_000000000000000_B177_OR_2</subfield>
    <subfield code="7">0</subfield>
    <subfield code="9">21056</subfield>
    <subfield code="a">LBB</subfield>
    <subfield code="b">LBB</subfield>
    <subfield code="c">B177</subfield>
    <subfield code="d">2015-12-07</subfield>
    <subfield code="l">1</subfield>
    <subfield code="o">FIS POM 2005 B177 Or.2</subfield>
    <subfield code="p">RUA011458</subfield>
    <subfield code="r">2022-07-30</subfield>
    <subfield code="s">2022-07-18</subfield>
    <subfield code="w">2015-12-07</subfield>
    <subfield code="y">FIS</subfield>
  </datafield>
  <datafield tag="952" ind1=" " ind2=" ">
    <subfield code="0">0</subfield>
    <subfield code="1">0</subfield>
    <subfield code="2">ddc</subfield>
    <subfield code="4">0</subfield>
    <subfield code="6">FIS_POM_2005_000000000000000_B177_OR_3</subfield>
    <subfield code="7">0</subfield>
    <subfield code="9">21057</subfield>
    <subfield code="a">LBB</subfield>
    <subfield code="b">LBB</subfield>
    <subfield code="c">B177</subfield>
    <subfield code="d">2015-12-07</subfield>
    <subfield code="o">FIS POM 2005 B177 Or.3</subfield>
    <subfield code="p">RUA011176</subfield>
    <subfield code="r">2015-12-07</subfield>
    <subfield code="w">2015-12-07</subfield>
    <subfield code="y">FIS</subfield>
  </datafield>
  <datafield tag="952" ind1=" " ind2=" ">
    <subfield code="0">0</subfield>
    <subfield code="1">0</subfield>
    <subfield code="2">ddc</subfield>
    <subfield code="4">0</subfield>
    <subfield code="6">FIS_POM_2005_000000000000000_B177_OR_4</subfield>
    <subfield code="7">0</subfield>
    <subfield code="9">21058</subfield>
    <subfield code="a">LBB</subfield>
    <subfield code="b">LBB</subfield>
    <subfield code="c">B177</subfield>
    <subfield code="d">2015-12-07</subfield>
    <subfield code="l">2</subfield>
    <subfield code="o">FIS POM 2005 B177 Or.4</subfield>
    <subfield code="p">RUA011470</subfield>
    <subfield code="r">2022-05-27</subfield>
    <subfield code="s">2022-05-11</subfield>
    <subfield code="w">2015-12-07</subfield>
    <subfield code="y">FIS</subfield>
  </datafield>
  <datafield tag="952" ind1=" " ind2=" ">
    <subfield code="0">0</subfield>
    <subfield code="1">0</subfield>
    <subfield code="2">ddc</subfield>
    <subfield code="4">0</subfield>
    <subfield code="6">FIS_POM_2005_000000000000000_B177_OR_5</subfield>
    <subfield code="7">0</subfield>
    <subfield code="9">21059</subfield>
    <subfield code="a">LBB</subfield>
    <subfield code="b">LBB</subfield>
    <subfield code="c">B177</subfield>
    <subfield code="d">2015-12-07</subfield>
    <subfield code="o">FIS POM 2005 B177 Or.5</subfield>
    <subfield code="p">RUA011319</subfield>
    <subfield code="r">2015-12-07</subfield>
    <subfield code="w">2015-12-07</subfield>
    <subfield code="y">FIS</subfield>
  </datafield>
  <datafield tag="952" ind1=" " ind2=" ">
    <subfield code="0">0</subfield>
    <subfield code="1">0</subfield>
    <subfield code="2">ddc</subfield>
    <subfield code="4">0</subfield>
    <subfield code="6">FIS_POM_2005_000000000000000_B177_OR_6</subfield>
    <subfield code="7">0</subfield>
    <subfield code="9">21060</subfield>
    <subfield code="a">LBB</subfield>
    <subfield code="b">LBB</subfield>
    <subfield code="c">B177</subfield>
    <subfield code="d">2015-12-07</subfield>
    <subfield code="l">1</subfield>
    <subfield code="o">FIS POM 2005 B177 Or.6</subfield>
    <subfield code="p">RUA011108</subfield>
    <subfield code="r">2016-04-21</subfield>
    <subfield code="s">2016-04-19</subfield>
    <subfield code="w">2015-12-07</subfield>
    <subfield code="y">FIS</subfield>
  </datafield>
</record>
